[Event "24.Schlosspark-Open"]
[Site "Wiesbaden-Biebrich"]
[Date "2012.08.25"]
[Round "4.64"]
[White "Dehning-Busse, Karsten"]
[Black "Giesau, Bernhard"]
[Result "1/2-1/2"]
[WhiteElo "1824"]
[BlackElo "1632"]
[PlyCount "37"]
[EventDate "2012.??.??"]
[WhiteTeam "SF Lilienthal von 1971"]
[BlackTeam "SK Gau-Algesheim"]

1. d4 d5 2. Nc3 Nf6 3. Bg5 e6 4. e4 Be7 5. e5 Nfd7 6. Bxe7 Qxe7 7. Nb5 Nb6 8.
c3 a6 9. Na3 O-O 10. f4 c5 11. Nf3 Nc6 12. Qd2 cxd4 13. cxd4 f6 14. Be2 Bd7 15.
O-O Be8 16. Nc2 Bg6 17. Ne3 Be4 18. a3 Rac8 19. Rac1 1/2-1/2

[Event "24.Schlosspark-Open"]
[Site "Wiesbaden-Biebrich"]
[Date "2012.08.25"]
[Round "4.66"]
[White "Sonnhoff, Werner"]
[Black "Sanati, Charlotte"]
[Result "1-0"]
[WhiteElo "1815"]
[BlackElo "1616"]
[PlyCount "89"]
[EventDate "2012.??.??"]
[WhiteTeam "SV Turm Lahnstein"]
[BlackTeam "SG Trier"]

1. d4 d5 2. Bf4 Nf6 3. e3 c5 4. c3 Nc6 5. Nf3 Bg4 6. Nbd2 e6 7. Qa4 Qd7 8. Bb5
Bxf3 9. Nxf3 Bd6 10. dxc5 Bxf4 11. exf4 Rc8 12. Ne5 Qc7 13. O-O O-O 14. Bxc6
bxc6 15. f3 Qb7 16. Rf2 Rc7 17. Rd1 Rb8 18. Qa5 Qc8 19. Rd4 Rb5 20. Qa3 Qf8 21.
b4 a5 22. Qb3 Qa8 23. a4 Rb8 24. Qa3 Qa6 25. Rb2 Rcb7 26. Rd1 Nh5 27. g3 f6 28.
Nd3 axb4 29. cxb4 Qc4 30. Kg2 Qd4 31. Rc1 e5 32. fxe5 fxe5 33. Qc3 Qxc3 34.
Rxc3 e4 35. fxe4 dxe4 36. Ne5 Rxb4 37. Rxb4 Rxb4 38. Ra3 Rb7 39. a5 Nf6 40. a6
Ra7 41. Nxc6 Ra8 42. a7 Nd7 43. Rb3 Kf7 44. Rb7 Ke8 45. Nd4 1-0

[Event "24.Schlosspark-Open"]
[Site "Wiesbaden-Biebrich"]
[Date "2012.08.25"]
[Round "4.67"]
[White "Heun, Andreas"]
[Black "Aab, Manfred"]
[Result "1/2-1/2"]
[WhiteElo "1458"]
[BlackElo "1808"]
[PlyCount "45"]
[EventDate "2012.??.??"]
[WhiteTeam "SC Ladja Roßdorf"]
[BlackTeam "SG Stern Stuttgart"]

1. e4 d5 2. exd5 Nf6 3. Nf3 Nxd5 4. d4 Bf5 5. Bd3 Bxd3 6. Qxd3 c6 7. Bd2 e6 8.
c4 Nf6 9. O-O Be7 10. Nc3 O-O 11. a3 c5 12. d5 exd5 13. Nxd5 Nxd5 14. cxd5 Nd7
15. Bc3 Bf6 16. Rfd1 Re8 17. Qf5 Rc8 18. h4 g6 19. Qf4 c4 20. Bxf6 Nxf6 21. d6
Re4 22. Qg5 Re6 23. Qb5 1/2-1/2

[Event "24.Schlosspark-Open"]
[Site "Wiesbaden-Biebrich"]
[Date "2012.08.25"]
[Round "4.68"]
[White "Anhalt, Albert"]
[Black "Künne, Lutz Dieter"]
[Result "1-0"]
[WhiteElo "1807"]
[BlackElo "1562"]
[PlyCount "73"]
[EventDate "2012.??.??"]
[WhiteTeam "SG Turm Idstein"]
[BlackTeam "Kings Club 98 Jena"]

1. e4 d5 2. exd5 Qxd5 3. Nc3 Qd6 4. d4 Nf6 5. Nf3 Bg4 6. Be2 e6 7. O-O c6 8.
Be3 Nbd7 9. Qd2 Qc7 10. h3 Bf5 11. a3 Bd6 12. b4 Ne4 13. Nxe4 Bxe4 14. c4 O-O
15. c5 Be7 16. Bf4 Qd8 17. Qe3 Nf6 18. Be5 Bg6 19. Nd2 Nd5 20. Qf3 Qd7 21. Nc4
Bf6 22. Rfd1 Bg5 23. Qg3 Be7 24. h4 f6 25. Bd6 Qe8 26. Qh3 Bf5 27. g4 Bxd6 28.
Nxd6 Nf4 29. Qf3 Nxe2+ 30. Qxe2 Qg6 31. f3 h5 32. Kf2 hxg4 33. Rg1 gxf3 34.
Qxf3 Qh7 35. h5 Kh8 36. Rg3 Rg8 37. Nf7# 1-0

[Event "24.Schlosspark-Open"]
[Site "Wiesbaden-Biebrich"]
[Date "2012.08.25"]
[Round "4.69"]
[White "Kirmeir, Andreas"]
[Black "Maleski, Heinz"]
[Result "1/2-1/2"]
[WhiteElo "1801"]
[BlackElo "1527"]
[PlyCount "64"]
[EventDate "2012.??.??"]
[WhiteTeam "SC Landskrone"]
[BlackTeam "SC Budenheim"]

1. b3 e6 2. Bb2 d5 3. e3 Nf6 4. d3 Be7 5. Nd2 a6 6. h3 b5 7. g3 c5 8. Bg2 Bd7
9. Ne2 Bc6 10. Nf4 d4 11. e4 Nbd7 12. Ne2 Rc8 13. g4 h6 14. Ng3 Nb6 15. Qe2 Ba8
16. Rd1 Qc7 17. Nf3 a5 18. c4 dxc3 19. Bxc3 b4 20. Bb2 a4 21. Nd2 axb3 22. axb3
Qd7 23. Nc4 Nxc4 24. dxc4 Qc7 25. O-O O-O 26. Rd3 Rcd8 27. Rfd1 Rxd3 28. Rxd3
Rd8 29. Rxd8+ Qxd8 30. e5 Nh7 31. f4 Bxg2 32. Kxg2 Nf8 1/2-1/2

[Event "24.Schlosspark-Open"]
[Site "Wiesbaden-Biebrich"]
[Date "2012.08.25"]
[Round "4.70"]
[White "Hoffmann, Jens"]
[Black "Windhaus, Dirk"]
[Result "0-1"]
[WhiteElo "1406"]
[BlackElo "1794"]
[PlyCount "78"]
[EventDate "2012.??.??"]
[WhiteTeam "SF HN-Biberach 1978 e.V."]
[BlackTeam "SVG Eppstein 1932"]

1. e4 c6 2. d4 d5 3. exd5 cxd5 4. Nf3 Nc6 5. Nc3 Nf6 6. Bf4 Bg4 7. Be2 e6 8. h3
Bh5 9. g4 Bg6 10. Ne5 Qb6 11. Bb5 Nd7 12. h4 Ndxe5 13. Bxe5 h6 14. a3 O-O-O 15.
f4 f6 16. f5 exf5 17. Bf4 Qxd4 18. Bxc6 Qxd1+ 19. Rxd1 bxc6 20. h5 Be8 21. gxf5
Bd7 22. Be3 Bxf5 23. Bxa7 Bxc2 24. Rd2 Bb3 25. Kf2 Bd6 26. Rg1 Rd7 27. Be3 Re8
28. Kf3 Re5 29. Rh1 c5 30. Nb5 d4 31. Nxd6+ Rxd6 32. Bf4 Bd5+ 33. Kg3 Bxh1 34.
Bxe5 fxe5 35. Rc2 d3 36. Rxc5+ Kd7 37. Rc1 d2 38. Rd1 e4 39. Kf2 Bf3 0-1

[Event "24.Schlosspark-Open"]
[Site "Wiesbaden-Biebrich"]
[Date "2012.08.25"]
[Round "4.71"]
[White "Troeger, Beate"]
[Black "Berkes, Jörg"]
[Result "0-1"]
[WhiteElo "1309"]
[BlackElo "1790"]
[PlyCount "124"]
[EventDate "2012.??.??"]
[WhiteTeam "Vorw.Orient Mainz"]
[BlackTeam "SK Langen"]

1. f4 d5 2. Nf3 Nf6 3. e3 c5 4. b3 g6 5. Bb2 Bg7 6. Nc3 O-O 7. g3 Nc6 8. Bg2 d4
9. Na4 dxe3 10. dxe3 Qxd1+ 11. Rxd1 b6 12. O-O Nb4 13. Ne1 Rb8 14. Be5 Bg4 15.
Bxb8 Bxd1 16. Bxa7 Ng4 17. Bf3 Rd8 18. Bxg4 Bxg4 19. Bxb6 Rd1 20. Nd3 Rd2 21.
Nxb4 cxb4 22. Rf2 Rd1+ 23. Kg2 Bf5 24. Nc5 h5 25. h3 Bc8 26. Ba5 Re1 27. Bxb4
Rxe3 28. Bd2 Bd4 29. Bxe3 Bxe3 30. Re2 Bxc5 31. Rd2 Bb7+ 32. Kf1 Kg7 33. Rd7
Be4 34. c4 Bf5 35. Rc7 Bxh3+ 36. Ke2 Bd6 37. Rc6 Bg2 38. Rc8 Bb7 39. Rd8 f6 40.
a4 Kf7 41. Kd3 h4 42. gxh4 Bxf4 43. b4 f5 44. b5 Be4+ 45. Kd4 e5+ 46. Kc5 Ke7
47. Rh8 Be3+ 48. Kb4 f4 49. h5 f3 50. h6 Bxh6 51. Rxh6 f2 52. Rh7+ Ke6 53. a5
f1=Q 54. a6 Qf8+ 55. Ka5 Qd8+ 56. b6 Qd2+ 57. Kb5 Qb2+ 58. Ka5 Qa3+ 59. Kb5 Kd6
60. Rc7 Qb3+ 61. Ka5 Bc6 62. a7 Qa4# 0-1

[Event "24.Schlosspark-Open"]
[Site "Wiesbaden-Biebrich"]
[Date "2012.08.25"]
[Round "4.72"]
[White "Traut, Stefan"]
[Black "Triantafillidis, Dimitrios"]
[Result "1/2-1/2"]
[WhiteElo "1765"]
[BlackElo "1447"]
[PlyCount "34"]
[EventDate "2012.??.??"]
[WhiteTeam "Sfr. Heusenstamm"]
[BlackTeam "SF HN-Biberach 1978 e.V."]

1. d4 Nf6 2. Nf3 g6 3. c4 Bg7 4. Nc3 O-O 5. e4 d6 6. g3 c5 7. Bg2 cxd4 8. Nxd4
Nc6 9. Nxc6 bxc6 10. O-O Bd7 11. Rb1 Rb8 12. b3 Re8 13. Bb2 Qc7 14. Qd2 Qc8 15.
Rfe1 c5 16. Nd5 Nxd5 17. exd5 Bf5 1/2-1/2

[Event "24.Schlosspark-Open"]
[Site "Wiesbaden-Biebrich"]
[Date "2012.08.25"]
[Round "4.73"]
[White "Spinnler, Wolfgang"]
[Black "Rosmanitz, Anna"]
[Result "1/2-1/2"]
[WhiteElo "1718"]
[BlackElo "1415"]
[PlyCount "68"]
[EventDate "2012.??.??"]
[WhiteTeam "SC Landskrone"]
[BlackTeam "SC 1979 Hattersheim"]

1. d4 d5 2. c4 e6 3. cxd5 exd5 4. Nf3 Nf6 5. Bg5 Bg4 6. e3 Nbd7 7. a3 Bd6 8.
Nc3 c6 9. Be2 O-O 10. Nd2 Be6 11. O-O Qc7 12. g3 Bh3 13. Re1 Rfe8 14. Bxf6 Nxf6
15. Rc1 Qd7 16. Bf3 Ng4 17. Bg2 Qf5 18. Qf3 Qh5 19. Nf1 Re6 20. Bxh3 Qxh3 21.
Qg2 Qxg2+ 22. Kxg2 Rae8 23. h3 Nf6 24. Nd2 Ne4 25. Ndxe4 dxe4 26. b4 f5 27. Na4
Rg6 28. Kh2 Rc8 29. Rc2 Rf6 30. Rec1 g5 31. Nc3 Re6 32. Nb5 Ra8 33. Nxd6 Rxd6
34. a4 a6 1/2-1/2

[Event "24.Schlosspark-Open"]
[Site "Wiesbaden-Biebrich"]
[Date "2012.08.25"]
[Round "4.74"]
[White "Schneider, Lutz"]
[Black "Leßmann, Sven"]
[Result "1-0"]
[WhiteElo "1711"]
[BlackElo "1659"]
[PlyCount "71"]
[EventDate "2012.??.??"]
[WhiteTeam "Vorw.Orient Mainz"]
[BlackTeam "SC Bad Soden"]

1. e4 d6 2. d4 Nf6 3. Nc3 g6 4. Nf3 Bg7 5. Bf4 Nbd7 6. Qd2 O-O 7. Be2 Re8 8. h4
e5 9. dxe5 dxe5 10. Bh6 Qe7 11. Bxg7 Kxg7 12. O-O-O c6 13. Ng1 Nc5 14. Qe3 h5
15. f3 Rh8 16. Nh3 Ne6 17. f4 Nd4 18. fxe5 Nxe2+ 19. Nxe2 Qxe5 20. Ng5 Ng4 21.
Qf3 f6 22. Nh3 Be6 23. Qa3 Rhe8 24. Rhe1 Nh6 25. Nef4 Bg4 26. Rd2 Nf7 27. Nd3
Qe7 28. Qc3 Ne5 29. Nhf2 Bd7 30. Nxe5 fxe5 31. Red1 Rad8 32. Qg3 Qe6 33. Kb1
Re7 34. Rd6 Qf7 35. Qg5 Re6 36. Qxd8 1-0

[Event "24.Schlosspark-Open"]
[Site "Wiesbaden-Biebrich"]
[Date "2012.08.25"]
[Round "4.75"]
[White "Burow, Roger"]
[Black "Strate, Wolfgang"]
[Result "1/2-1/2"]
[WhiteElo "1527"]
[BlackElo "1701"]
[PlyCount "69"]
[EventDate "2012.??.??"]
[WhiteTeam "SV 1920 Kelsterbach"]
[BlackTeam "SC Eschbach im Usinger Land"]

1. e4 d5 2. exd5 Nf6 3. Nf3 Qxd5 4. h3 c6 5. Nc3 Qa5 6. Bc4 Nbd7 7. d4 e6 8. a3
Nb6 9. Bb3 Nbd5 10. Bd2 Qc7 11. O-O Bd6 12. Re1 O-O 13. Nxd5 exd5 14. c3 Ne4
15. Bc2 f5 16. Re2 Rf6 17. c4 Bd7 18. Rc1 Nxd2 19. Nxd2 dxc4 20. Nxc4 Bf4 21.
Ra1 Be6 22. Bb3 Bd5 23. Qd3 Kf8 24. Rae1 Be4 25. Rxe4 fxe4 26. Qxe4 g6 27. Kh1
Kg7 28. Bc2 Raf8 29. f3 Bg3 30. Re2 Qf4 31. Nd2 Rd6 32. Qd3 Qxd4 33. Qxd4+ Rxd4
34. Ne4 Bd6 35. Ng5 1/2-1/2

[Event "24.Schlosspark-Open"]
[Site "Wiesbaden-Biebrich"]
[Date "2012.08.25"]
[Round "4.76"]
[White "Peschk, Kathrin"]
[Black "Lorenz, Hermann"]
[Result "0-1"]
[WhiteElo "1021"]
[BlackElo "1691"]
[PlyCount "82"]
[EventDate "2012.??.??"]
[WhiteTeam "SV 1946 Groß-Gerau"]
[BlackTeam "Sfr.Mainz 1928"]

1. e4 d6 2. d4 Nf6 3. Nc3 g6 4. Nf3 Bg7 5. Bc4 c6 6. O-O O-O 7. Bg5 h6 8. Be3
b5 9. Bb3 b4 10. e5 Ng4 11. Ne4 d5 12. Nc5 Nxe3 13. fxe3 Nd7 14. e6 Nxc5 15.
exf7+ Rxf7 16. dxc5 a5 17. c3 Bf5 18. Nd4 Qd7 19. Bc2 Bxd4 20. exd4 Raf8 21.
Bxf5 Rxf5 22. Qd3 Kg7 23. Rxf5 Rxf5 24. Rf1 bxc3 25. bxc3 Kf6 26. h3 Rxf1+ 27.
Qxf1+ Qf5 28. Qc1 g5 29. h4 Qf4 30. hxg5+ hxg5 31. Qxf4+ gxf4 32. Kf2 e5 33.
dxe5+ Kxe5 34. Kf3 a4 35. a3 Kf5 36. Kf2 Kg4 37. Ke2 Kg3 38. Kf1 f3 39. gxf3
Kxf3 40. Ke1 Ke3 41. Kd1 Kd3 0-1

[Event "24.Schlosspark-Open"]
[Site "Wiesbaden-Biebrich"]
[Date "2012.08.25"]
[Round "4.77"]
[White "Lindemann, Antje"]
[Black "Meier, Alexander"]
[Result "1/2-1/2"]
[WhiteElo "1689"]
[BlackElo "1314"]
[PlyCount "104"]
[EventDate "2012.??.??"]
[WhiteTeam "SC Stetten a.d.F."]
[BlackTeam "FC 1934 Wiesbaden-Bierstadt"]

1. e4 d6 2. d4 c6 3. Nf3 Nf6 4. Nc3 g6 5. Be3 Bg7 6. Qd2 O-O 7. h3 Re8 8. Bd3
Nbd7 9. O-O e5 10. Rfe1 exd4 11. Bxd4 Ne5 12. Nxe5 dxe5 13. Be3 Be6 14. Rad1
Qc7 15. a4 b6 16. f3 Rad8 17. Qf2 Nh5 18. Bf1 Rxd1 19. Rxd1 Rd8 20. Re1 Nf4 21.
g3 Nh5 22. a5 Rb8 23. axb6 axb6 24. Ra1 b5 25. Ra7 Qc8 26. Kh2 Nf6 27. Na2 Ra8
28. Nb4 Rxa7 29. Bxa7 Nd7 30. Be3 Bf8 31. Qd2 Nf6 32. Qc3 c5 33. Nd3 c4 34.
Nxe5 Nd7 35. Nxd7 Qxd7 36. Qe1 b4 37. c3 b3 38. Qd2 Qxd2+ 39. Bxd2 h5 40. h4
Bc5 41. Bh3 Kg7 42. Bxe6 fxe6 43. Bg5 Kf7 44. Kg2 Kg7 45. Kf1 Kf7 46. Ke2 Ke8
47. Be3 Bd6 48. f4 Kf7 49. e5 Be7 50. Bb6 Ba3 51. Kd2 Bxb2 52. Bc5 Ba1 1/2-1/2

[Event "24.Schlosspark-Open"]
[Site "Wiesbaden-Biebrich"]
[Date "2012.08.25"]
[Round "4.78"]
[White "Lochmann, Tobias"]
[Black "Doerjer, Gerhard"]
[Result "0-1"]
[WhiteElo "686"]
[BlackElo "1752"]
[PlyCount "64"]
[EventDate "2012.??.??"]
[WhiteTeam "SV 1946 Groß-Gerau"]
[BlackTeam "vereinslos"]

1. e4 c5 2. Nc3 d6 3. Bc4 e6 4. Nf3 Nf6 5. d3 a6 6. O-O Be7 7. Bf4 Nc6 8. Qe1
Nh5 9. Be3 O-O 10. Qd2 b5 11. Bb3 Bb7 12. Ne2 a5 13. c3 a4 14. Bc2 b4 15. d4
Qc7 16. d5 Ne5 17. Nxe5 dxe5 18. cxb4 exd5 19. exd5 cxb4 20. Qd3 g6 21. Rac1
Qd6 22. Rfd1 f5 23. Ng3 Nf6 24. Bg5 Nxd5 25. Bxe7 Qxe7 26. b3 a3 27. Qc4 Rac8
28. Qh4 Qxh4 29. Ne2 Qg5 30. Ra1 Rxc2 31. f4 exf4 32. Nd4 Qxg2# 0-1

[Event "24.Schlosspark-Open"]
[Site "Wiesbaden-Biebrich"]
[Date "2012.08.25"]
[Round "4.79"]
[White "Triantafillidis, Simeon"]
[Black "Urbach, Jens"]
[Result "0-1"]
[WhiteElo "1231"]
[BlackElo "1558"]
[PlyCount "74"]
[EventDate "2012.??.??"]
[WhiteTeam "SF HN-Biberach 1978 e.V."]
[BlackTeam "Sfr. Frankfurt 1921"]

1. e4 e5 2. Nf3 Nf6 3. Nxe5 d6 4. Nf3 Nxe4 5. Bc4 d5 6. Bb3 Nc6 7. O-O Be7 8.
d3 Nc5 9. Bf4 Nxb3 10. axb3 O-O 11. c4 dxc4 12. bxc4 Bf6 13. Nc3 Nb4 14. d4 Bg4
15. d5 Bxc3 16. bxc3 Na6 17. h3 Bxf3 18. Qxf3 Nc5 19. Qg4 Kh8 20. Be3 b6 21.
Qd4 Nb3 22. Qe5 Nxa1 23. Bh6 f6 24. Qh5 gxh6 25. Rxa1 Rg8 26. Qxh6 Rg6 27. Qe3
Qg8 28. Qf3 a5 29. Rd1 Rd8 30. Rd4 c5 31. Rf4 Qg7 32. Re4 Qh6 33. Re6 Rdg8 34.
Kf1 Qc1+ 35. Re1 Qd2 36. Re2 Qd1+ 37. Re1 Qxf3 0-1

[Event "24.Schlosspark-Open"]
[Site "Wiesbaden-Biebrich"]
[Date "2012.08.25"]
[Round "4.80"]
[White "Goldhausen, Nina"]
[Black "Happel, Jürgen"]
[Result "0-1"]
[WhiteElo "1088"]
[BlackElo "1554"]
[PlyCount "102"]
[EventDate "2012.??.??"]
[WhiteTeam "SC 1979 Hattersheim"]
[BlackTeam "SV 1920 Hofheim"]

1. e4 e5 2. Nf3 Nc6 3. Bb5 d6 4. h3 Bd7 5. Qe2 Nf6 6. d3 h6 7. Be3 a6 8. Ba4
Be7 9. c3 O-O 10. Nbd2 Re8 11. O-O Na5 12. Bxd7 Qxd7 13. Rfe1 c5 14. Nf1 Nh5
15. Bd2 Nf4 16. Bxf4 exf4 17. Qd2 g5 18. b3 Nc6 19. Rac1 Ne5 20. Nxe5 dxe5 21.
f3 Kg7 22. Qe2 Rh8 23. Nh2 h5 24. Kh1 Rag8 25. Rg1 Kf8 26. Rcd1 Qc8 27. Rgf1 g4
28. fxg4 hxg4 29. hxg4 Rxg4 30. Kg1 Rg7 31. Rd2 Rgh7 32. Nf3 Qd8 33. Kf2 Bh4+
34. g3 Bxg3+ 35. Kg2 Rg7 36. Rg1 Bh2+ 37. Kf1 Bxg1 38. Nxg1 Qg5 39. Qg2 Qf6 40.
Qf3 Rg3 41. Qf2 Qg7 42. Rd1 Rh1 43. Ke2 Rg2 44. Rf1 Rxf2+ 45. Rxf2 Qxg1 46. Kf3
Qg3+ 47. Ke2 Rh2 48. Rxh2 Qxh2+ 49. Kd1 Qxa2 50. Ke1 Qxb3 51. Kd2 Qb2+ 0-1

[Event "24.Schlosspark-Open"]
[Site "Wiesbaden-Biebrich"]
[Date "2012.08.25"]
[Round "4.81"]
[White "Rößler, Lukas Namgyu"]
[Black "Gießelbach, Christian"]
[Result "1-0"]
[WhiteElo "1508"]
[BlackElo "1066"]
[PlyCount "33"]
[EventDate "2012.??.??"]
[WhiteTeam "SK Mannheim-Lindenhof 1865"]
[BlackTeam "SAbt TuS Dotzheim"]

1. e4 c6 2. d4 d5 3. exd5 cxd5 4. c4 Nf6 5. Nc3 Nc6 6. Nf3 Bf5 7. h3 e6 8. Be2
Qb6 9. c5 Qc7 10. O-O b6 11. Nb5 Qb8 12. cxb6 Qxb6 13. Bf4 a6 14. Nc7+ Ke7 15.
Nxa8 Qb7 16. Nc7 Kd7 17. Nxa6 1-0

[Event "24.Schlosspark-Open"]
[Site "Wiesbaden-Biebrich"]
[Date "2012.08.25"]
[Round "4.82"]
[White "Vaintroub, Maximilian"]
[Black "Melzig, Leon"]
[Result "1-0"]
[WhiteElo "1438"]
[BlackElo "1006"]
[PlyCount "77"]
[EventDate "2012.??.??"]
[WhiteTeam "SK Mannheim-Lindenhof 1865"]
[BlackTeam "SF HN-Biberach 1978 e.V."]

1. e4 e5 2. Nf3 Nc6 3. Bc4 Bc5 4. c3 Nf6 5. d4 exd4 6. cxd4 Bb6 7. d5 Nxe4 8.
dxc6 Nxf2 9. Qe2+ Qe7 10. cxd7+ Bxd7 11. Qxe7+ Kxe7 12. Rf1 Ng4 13. Nc3 Rhe8
14. Be2 Kf8 15. h3 Nf6 16. Bg5 Ba5 17. a3 Nd5 18. Bd2 Ne3 19. Bxe3 Rxe3 20. Rc1
c5 21. Kf2 Rae8 22. Rfe1 b5 23. Bf1 R3e6 24. Rxe6 Rxe6 25. Nxb5 Bb6 26. Bc4 Re4
27. Nd6 Re7 28. Nxf7 Rxf7 29. Bxf7 Kxf7 30. Ne5+ Ke8 31. Nxd7 Kxd7 32. Ke3 Ke6
33. Ke4 Kf6 34. h4 g6 35. g4 h6 36. Rf1+ Kg7 37. Ke5 Bd8 38. h5 Bf6+ 39. Rxf6
1-0

[Event "24.Schlosspark-Open"]
[Site "Wiesbaden-Biebrich"]
[Date "2012.08.25"]
[Round "4.83"]
[White "Viol, Julius"]
[Black "Schöneberger, Thomas"]
[Result "0-1"]
[WhiteElo "846"]
[BlackElo "1393"]
[PlyCount "110"]
[EventDate "2012.??.??"]
[WhiteTeam "FC 1934 Wiesbaden-Bierstadt"]
[BlackTeam "SC 1979 Hattersheim"]

1. c4 e5 2. g3 Bc5 3. Bg2 Nf6 4. e3 Nc6 5. d3 d5 6. Nc3 Be6 7. b3 d4 8. Nce2
Ng4 9. e4 Qf6 10. Nf3 h5 11. Bg5 Qg6 12. O-O f6 13. Bd2 O-O-O 14. Nh4 Qh7 15.
Re1 Be7 16. h3 Nh6 17. Nc1 g5 18. Nf3 g4 19. Nh4 gxh3 20. Bf1 f5 21. Qxh5 Ng4
22. Qxh7 h2+ 23. Kh1 Rxh7 24. Re2 Bxh4 25. gxh4 Rxh4 26. Bg5 Rdh8 27. Bxh4 Rxh4
28. f3 Ne3 29. Rxh2 Rxh2+ 30. Kxh2 Nxf1+ 31. Kg2 Ne3+ 32. Kf2 f4 33. Ne2 Nb4
34. Nxf4 exf4 35. Ke2 c5 36. a4 Bh3 37. Rh1 Bf1+ 38. Kd2 Nxd3 39. Rh8+ Kc7 40.
Rh7+ Kb6 41. Rh6+ Ka5 42. Rh7 Ka6 43. Rh6+ b6 44. Rh7 Ne5 45. Rh4 Nxf3+ 46. Kc1
Nxh4 47. e5 Ng6 48. e6 f3 49. b4 cxb4 50. e7 Nxe7 51. c5 bxc5 52. a5 f2 53. Kd2
Bh3 54. Ke2 f1=Q+ 55. Kd2 Qd1# 0-1

[Event "24.Schlosspark-Open"]
[Site "Wiesbaden-Biebrich"]
[Date "2012.08.25"]
[Round "4.84"]
[White "Busch, Günther"]
[Black "Nam, Seung-Zin"]
[Result "1-0"]
[WhiteElo "1321"]
[BlackElo "714"]
[PlyCount "88"]
[EventDate "2012.??.??"]
[WhiteTeam "FC 1934 Wiesbaden-Bierstadt"]
[BlackTeam "SF Schwarz-Weiß Merzhausen"]

1. Nf3 Nf6 2. c4 c5 3. Nc3 d6 4. g3 g6 5. b3 Bg4 6. Bg2 Nc6 7. O-O Bg7 8. Bb2
O-O 9. h3 Bf5 10. Nh4 Be6 11. d3 Qd7 12. Kh2 Ne5 13. e4 g5 14. Nf3 h6 15. Nxe5
dxe5 16. Qc2 Rfd8 17. Rad1 g4 18. h4 a6 19. Nd5 Bxd5 20. cxd5 Qd6 21. Bc1 Ne8
22. Qe2 h5 23. f3 Nf6 24. f4 b5 25. Qf2 c4 26. fxe5 Qxe5 27. Bb2 c3 28. d4 Qc7
29. Bc1 e5 30. dxe5 Qxe5 31. Bf4 Qe7 32. Bg5 Rac8 33. Bxf6 Bxf6 34. Qxf6 Qc7
35. Rf2 Rd6 36. Qd4 c2 37. Rc1 Qa5 38. Rfxc2 Rxc2 39. Rxc2 Rd8 40. d6 Qe1 41.
Rc5 Qe2 42. Rxh5 f5 43. Qd5+ Kg7 44. Rg5+ Kf8 1-0